| 000 | 01015cam a2200277 a 4500 | ||
|---|---|---|---|
| 001 | 671349 | ||
| 003 | ARRUPE | ||
| 005 | 20130925173752.0 | ||
| 008 | 950515s1995 mnu b 001 0 eng | ||
| 010 | _a 95020358 | ||
| 020 | _a0814622593 | ||
| 040 |
_aDLC _cDLC _dDLC |
||
| 041 | 1 |
_aeng _hger |
|
| 050 | 0 | 0 |
_aBV4278 _b.H6413 1995 |
| 100 | 1 |
_aHoffsümmer, Willi. _91314 |
|
| 240 | 1 | 0 |
_aVom Wein in den Krügen. _lEnglish |
| 245 | 1 | 0 |
_aOf wine in the jars : _bwedding homilies / _cWilli Hoffsümmer ; translated from German by James McGrath ; English text edited by Steven Heymans. |
| 260 |
_aCollegeville, Minn. : _bLiturgical Press, _cc1995. |
||
| 300 |
_axiv, 122 p. ; _c21 cm. |
||
| 504 | _aIncludes bibliographical references and index. | ||
| 650 | 0 |
_aWedding sermons. _91315 |
|
| 700 | 1 |
_aHeymans, Steven. _91316 |
|
| 906 |
_a7 _bcbc _corignew _d1 _eocip _f19 _gy-gencatlg |
||
| 942 |
_2lcc _cMONOGRAPH |
||
| 999 |
_c118059 _d118059 |
||